[Event "Novosibirsk"]
[Site "Novosibirsk"]
[Date "1993.??.??"]
[Round "2"]
[White "Akopian, Vladimir"]
[Black "Goldin, Alexander"]
[Result "1/2-1/2"]
[WhiteElo "2615"]
[BlackElo "2555"]

1.d4 Nf6 2.c4 e6 3.Nc3 Bb4 4.Qc2 c5 5.dxc5 Na6 6.a3 Qa5 7.Bd2 Nxc5 8.Nf3 d6
9.Nb5 Bxd2+ 10.Nxd2 Qd8 11.b4 a6 12.Nc3 Ncd7 13.g3 Qc7 14.Bg2 Ne5 15.Qb3 Bd7
16.O-O O-O 17.Rac1 Rac8 18.Na2 Bc6 19.e4 b5 20.Qe3 Qb7 21.c5 dxc5 22.Rxc5 Nfd7
23.Rc3 Nb6 24.Nc1 Na4 25.Rc2 Bd7 26.Rxc8 Rxc8 27.Ncb3 Nc4 28.Nxc4 bxc4 29.Nd4 Qb6
30.Rc1 Bb5 31.Bf1 h6 32.Nc2 Qxe3 33.Nxe3 c3 34.Bxb5 axb5 35.Kf1  1/2-1/2

[Event "Novosibirsk"]
[Site "Novosibirsk"]
[Date "1993.??.??"]
[Round "3"]
[White "Goldin, Alexander"]
[Black "Psakhis, Lev"]
[Result "0-1"]
[WhiteElo "2555"]
[BlackElo "2575"]

1.d4 Nf6 2.c4 e6 3.Nf3 b6 4.g3 Ba6 5.b3 Bb4+ 6.Bd2 Be7 7.Bg2 Bb7 8.Nc3 O-O
9.O-O Na6 10.Ne5 d5 11.cxd5 exd5 12.Rc1 h6 13.Be3 Qc8 14.Qc2 Ba3 15.Rb1 c6
16.Nd3 Nb4 17.Nxb4 Bxb4 18.Qb2 Qf5 19.Bd2 Rfe8 20.Rbc1 Ba6 21.Rfe1 Bxc3 22.Bxc3 Ng4
23.e3 h5 24.Qd2 Re6 25.f3 Nf6 26.Qf2 Rae8 27.Bd2 g5 28.Rc3 g4 29.e4 dxe4
30.fxe4 Qxf2+ 31.Kxf2 Nxe4+ 32.Bxe4 Rxe4 33.Rce3 Rxe3 34.Rxe3 Rd8 35.Bc3 Rd6
36.Re8+ Kh7 37.Re7 Rf6+ 38.Ke3 Rf3+ 39.Kd2 Kg6 40.Rxa7 Rf2+ 41.Ke1 Rxa2 42.Bd2 f6
43.Ra8 Ra1+ 44.Kf2 Rf1+ 45.Kg2 Bd3 46.Bf4 Rb1 47.Rh8 Rb2+ 48.Kg1 Rxb3 49.Rh6+ Kf5
50.Rxh5+ Ke4 51.Kf2 Rb2+ 52.Ke1 Kxd4 53.Rh6 Be4 54.Rxf6 Rxh2 55.Bc7 b5 56.Rf4 b4  0-1

[Event "Novosibirsk"]
[Site "Novosibirsk"]
[Date "1993.??.??"]
[Round "4"]
[White "Ehlvest, Jaan"]
[Black "Goldin, Alexander"]
[Result "1/2-1/2"]
[WhiteElo "2625"]
[BlackElo "2555"]

1.e4 e5 2.Bc4 Nf6 3.d3 Nc6 4.Nc3 Na5 5.Nge2 d6 6.h3 Be7 7.O-O O-O 8.Ng3 c6
9.Qe2 Re8 10.Bb3 Nxb3 11.axb3 d5 12.f4 exf4 13.Bxf4 dxe4 14.dxe4 Be6 15.Kh1 Nd7
16.Qf3 Bg5 17.Rad1 Bxf4 18.Qxf4 Qf6 19.Qe3 Qe5 20.Nge2 Nf6 21.Qd3 h6 22.Nf4 Nh5
23.Nfe2 Nf6 24.Nf4 Nh5  1/2-1/2

[Event "Novosibirsk"]
[Site "Novosibirsk"]
[Date "1993.??.??"]
[Round "5"]
[White "Goldin, Alexander"]
[Black "Vaisser, Anatoli"]
[Result "1-0"]
[WhiteElo "2555"]
[BlackElo "2570"]

1.Nf3 c5 2.c4 b6 3.e3 Bb7 4.d4 cxd4 5.exd4 Nf6 6.Nc3 e6 7.Bd3 d6 8.O-O Nbd7
9.d5 e5 10.Ng5 h6 11.Nge4 Nxe4 12.Nxe4 g6 13.f4 f5 14.Nc3 Nf6 15.Re1 Kf7
16.h3 Bc8 17.Rb1 exf4 18.Bxf4 Nh5 19.Be3 Bg7 20.Qf3 Be5 21.Nb5 Qf6 22.b4 Bd7
23.c5 bxc5 24.bxc5 dxc5 25.Bxc5 Bxb5 26.Rxb5 Bd4+ 27.Bxd4 Qxd4+ 28.Kh1 Rhe8
29.Re6 Rac8 30.Rb7+ Kf8 31.Kh2 Rxe6 32.dxe6 Qe5+ 33.g3 Qxe6 34.Rxa7 Rb8 35.Bc2 Rb2
36.Qd3 Qb6 37.Ra8+ Ke7 38.Qe2+ Kd6 39.Ra6 Nf6 40.Rxb6+ Rxb6 41.Bb3  1-0

[Event "Novosibirsk"]
[Site "Novosibirsk"]
[Date "1993.??.??"]
[Round "6"]
[White "Epishin, Vladimir"]
[Black "Goldin, Alexander"]
[Result "1-0"]
[WhiteElo "2620"]
[BlackElo "2555"]

1.d4 Nf6 2.c4 e6 3.Nf3 d5 4.Nc3 Be7 5.Bg5 h6 6.Bh4 O-O 7.e3 b6 8.Be2 Bb7
9.Bxf6 Bxf6 10.cxd5 exd5 11.b4 c6 12.O-O Re8 13.Qb3 a5 14.bxa5 Rxa5 15.Rfe1 Nd7
16.a4 Ba6 17.Bxa6 Rxa6 18.Rad1 Ra5 19.Re2 Re6 20.Rc2 Qa8 21.Rdc1 Kh7 22.g3 Bd8
23.Ne1 c5 24.Qb1 g6 25.Nd3 c4 26.Nf4 Re8 27.Rb2 Bc7 28.Nfxd5 Rxd5 29.Nxd5 Qxd5
30.Qa2 Qf5 31.Qxc4 Bb8 32.Rb5 Qf6 33.Qc6 Qxc6 34.Rxc6 Kg7 35.Kf1 h5 36.Ke2 h4
37.gxh4 Bxh2 38.h5 gxh5 39.Rg5+ Kf8 40.Rxh5 Bb8 41.Rh8+ Ke7 42.Rxe8+ Kxe8
43.e4 Bf4 44.Kf3 Bg5 45.Kg4 Bd8 46.Kf5 Nb8 47.Rh6 Kf8 48.e5 Kg7 49.Rh1 Nc6
50.Ke4 Kf8 51.f4 Ke7 52.d5 Nb4 53.f5 Na6 54.f6+ Kd7 55.Rh7 Nc5+ 56.Kf5 Nxa4
57.e6+  1-0

[Event "Novosibirsk"]
[Site "Novosibirsk"]
[Date "1993.??.??"]
[Round "7"]
[White "Goldin, Alexander"]
[Black "Beliavsky, Alexander G"]
[Result "1-0"]
[WhiteElo "2555"]
[BlackElo "2610"]

1.d4 Nf6 2.c4 e6 3.Nf3 b6 4.g3 Ba6 5.b3 d5 6.cxd5 exd5 7.Bg2 Bb4+ 8.Bd2 Bxd2+
9.Qxd2 O-O 10.Nc3 Re8 11.Ne5 c5 12.O-O Bb7 13.Rfd1 Qe7 14.f4 cxd4 15.Qxd4 Nc6
16.Nxc6 Bxc6 17.Rac1 Rad8 18.Bf3 h5 19.Rd2 Ne4 20.Rdc2 h4 21.g4 Nc5 22.f5 Qg5
23.Qd2 Qf6 24.b4 Ne4 25.Bxe4 dxe4 26.Qe3 Qe5 27.b5 Bxb5 28.Nxb5 Qxb5 29.Kg2 Qe5
30.Kh3 Rd7 31.Rc8 Re7 32.Qg5 f6 33.Qxh4 Qf4 34.Qg3 Qd2 35.R8c2 Qd8 36.Qe3 Qd7
37.Rc6 Rd8 38.Kg2 Qd2 39.Qxd2 Rxd2 40.R6c2 e3 41.Kf3 g6 42.fxg6 Rxc2 43.Rxc2 Kg7
44.Rc3 Kxg6 45.Rxe3 Rh7 46.Kg3 Rc7 47.h4 Rc1 48.Re7 Rg1+ 49.Kf3 Rf1+ 50.Kg2 Re1
51.Kf2 Rh1 52.h5+ Kg5 53.Rg7+ Kf4 54.e3+ Ke4 55.Rxa7  1-0

[Event "Novosibirsk"]
[Site "Novosibirsk"]
[Date "1993.??.??"]
[Round "8"]
[White "Goldin, Alexander"]
[Black "Ruban, Vadim"]
[Result "1/2-1/2"]
[WhiteElo "2555"]
[BlackElo "2595"]

1.d4 Nf6 2.c4 e6 3.Nf3 d5 4.Nc3 c5 5.cxd5 cxd4 6.Qxd4 Nxd5 7.Bg5 f6 8.Nxd5 exd5
9.Bd2 Nc6 10.Qa4 Qb6 11.Bc3 Bd7 12.e3 Ne5 13.Qh4 Nxf3+ 14.gxf3 Be6 15.Bd3 O-O-O
16.Rc1 Kb8 17.Ke2 Bd6 18.Qa4 Bd7 19.Qa5 Qxa5 20.Bxa5 Rde8 21.Bc3 Be5 22.Kd2 Bc6
23.Rhg1 d4 24.Bxd4 Bxd4 25.exd4 Re7 26.Be4 Bxe4 27.fxe4 Rxe4 28.Rxg7 Rxd4+
29.Ke3 Rb4 30.b3 h5 31.Rf7 Rc8 32.Rxc8+ Kxc8 33.f4 Rb6 34.Ke4 Ra6 35.Rh7 Rxa2
36.Rxh5 Kd7 37.Rh7+ Ke6 38.f5+ Kd6 39.h4 Re2+ 40.Kf4 Rf2+ 41.Kg4 b5 42.Rxa7 Rg2+
43.Kh5 Ke5 44.Ra5 Kxf5 45.Rxb5+ Ke6 46.Rb8 f5 47.b4 Kf7 48.Rb7+ Kf6 49.Rb6+ Kg7
50.Rc6 f4  1/2-1/2

[Event "Novosibirsk"]
[Site "Novosibirsk"]
[Date "1993.??.??"]
[Round "9"]
[White "Vyzmanavin, Alexey"]
[Black "Goldin, Alexander"]
[Result "1/2-1/2"]
[WhiteElo "2620"]
[BlackElo "2555"]

1.d4 Nf6 2.c4 e6 3.Nf3 d5 4.Nc3 c5 5.cxd5 cxd4 6.Qa4+ Bd7 7.Qxd4 exd5 8.Nxd5 Qa5+
9.Nc3 Bc5 10.Qd1 Ne4 11.e3 Bb4 12.Bd2 Nxc3 13.bxc3 Bxc3 14.Rc1 Bxd2+ 15.Qxd2 Qxd2+
16.Kxd2 Nc6 17.Bc4 Ke7 18.e4 Rac8 19.Ke3 Be6 20.Bxe6 Kxe6 21.Rc5 Rhd8 22.Rhc1 f6
23.R1c4 Rb8 24.g4  1/2-1/2

[Event "Novosibirsk"]
[Site "Novosibirsk"]
[Date "1993.??.??"]
[Round "10"]
[White "Goldin, Alexander"]
[Black "Serper, Grigory"]
[Result "1/2-1/2"]
[WhiteElo "2555"]
[BlackElo "2590"]

1.d4 Nf6 2.c4 e6 3.Nf3 d5 4.Nc3 Bb4 5.Bg5 h6 6.Bxf6 Qxf6 7.e3 O-O 8.Rc1 dxc4
9.Bxc4 c5 10.O-O cxd4 11.Nxd4 Rd8 12.Qb3 Qe7 13.Ne4 Ba5 14.Rfd1 Bb6 15.Qc3 Bd7
16.Nb5 Bc6 17.Rxd8+ Bxd8 18.Ng3 Bb6 19.Nd4 Bd7 20.Bd3  1/2-1/2

[Event "Novosibirsk"]
[Site "Novosibirsk"]
[Date "1993.??.??"]
[Round "11"]
[White "Dolmatov, Sergey"]
[Black "Goldin, Alexander"]
[Result "1/2-1/2"]
[WhiteElo "2615"]
[BlackElo "2555"]

1.e4 e5 2.Nf3 Nc6 3.Bb5 a6 4.Ba4 Nf6 5.O-O Be7 6.Re1 b5 7.Bb3 O-O 8.c3 d5
9.exd5 Nxd5 10.Nxe5 Nxe5 11.Rxe5 c6 12.d3 Bd6 13.Re1 Qh4 14.g3 Qh3 15.Re4 Qd7
16.Re1 Qh3 17.Re4 Qd7  1/2-1/2

[Event "Oviedo rapid"]
[Site "Oviedo"]
[Date "1993.??.??"]
[Round "5"]
[White "Eslon, Jaan"]
[Black "Goldin, Alexander"]
[Result "0-1"]
[WhiteElo "2440"]
[BlackElo "2540"]

1.d4 Nf6 2.Nf3 c5 3.d5 g6 4.Nc3 Bg7 5.e4 d6 6.Bb5+ Bd7 7.a4 O-O 8.O-O Na6
9.Re1 Nb4 10.h3 e6 11.dxe6 Bxe6 12.Ng5 a6 13.Bf1 d5 14.exd5 Bxd5 15.Be3 Qc7
16.Nxd5 Nbxd5 17.Bd2 Rad8 18.c3 Rd7 19.Qc2 Rfd8 20.Nf3 h6 21.Rad1 Nh5 22.Bc1 Kh7
23.Qb3 Nb6 24.Rxd7 Rxd7 25.a5 Nc8 26.Qa4 Na7 27.Be3 Nc6 28.Bxc5 Qxa5 29.Qxa5 Nxa5
30.Nd4 Nf4 31.Re8 b5 32.g3 Nb7 33.Nb3 Ne6 34.Be3 Rd1 35.Kg2 Rb1 36.Bc1 Nec5
37.Bxb5 axb5 38.Nxc5 Nxc5 39.Be3 Ne6 40.Re7 Kg8 41.Re8+ Nf8 42.b4 Rb3 43.Bc5 Rxc3
44.Rb8 f5 45.h4 Rb3 46.Kf1  0-1

[Event "Oviedo rapid"]
[Site "Oviedo"]
[Date "1993.??.??"]
[Round "7"]
[White "Goldin, Alexander"]
[Black "Sokolov, Ivan"]
[Result "1-0"]
[WhiteElo "2540"]
[BlackElo "2610"]

1.d4 d5 2.c4 c6 3.Nf3 dxc4 4.e3 b5 5.a4 e6 6.b3 Bb4+ 7.Bd2 Bxd2+ 8.Nfxd2 Nf6
9.axb5 cxb5 10.bxc4 bxc4 11.Qa4+ Bd7 12.Qa3 Qe7 13.Nxc4 Qxa3 14.Rxa3 Nc6
15.Be2 Ke7 16.O-O Rhc8 17.Nbd2 Nd5 18.g3 Rab8 19.Ne4 Ndb4 20.Rc1 f6 21.Nc5 Be8
22.Bf3 Rc7 23.Kg2 Rbc8 24.Na5 Nxa5 25.Rxa5 Bc6 26.Bxc6 Nxc6 27.Nxe6 Kxe6
28.d5+ Kf7 29.Rac5 a5 30.dxc6 a4 31.g4 Ra8 32.h4 a3 33.Kg3 Ra6 34.Ra1 Rcxc6
35.Rxc6 Rxc6 36.Rxa3 h6 37.Ra7+ Kf8 38.h5 Rc4 39.Kf3 Rb4 40.e4 Rb2 41.Ke3 Rc2
42.f3 Rc3+ 43.Kf4 Rc5 44.Rd7 Rc3 45.Rd5 Ra3 46.Rb5 Rc3 47.Rb2 Kf7 48.Kg3 Ke7
49.Kf2  1-0

[Event "Oviedo rapid"]
[Site "Oviedo"]
[Date "1993.??.??"]
[Round "8"]
[White "Illescas Cordoba, Miguel"]
[Black "Goldin, Alexander"]
[Result "1-0"]
[WhiteElo "2625"]
[BlackElo "2540"]

1.Nf3 d5 2.d4 Nf6 3.c4 e6 4.Nc3 Be7 5.cxd5 exd5 6.Bf4 c6 7.Qc2 g6 8.e3 Bf5
9.Bd3 Bxd3 10.Qxd3 Nbd7 11.O-O O-O 12.h3 Re8 13.Rab1 a5 14.Qc2 Nb6 15.Ne5 Nfd7
16.Nd3 Bf8 17.Rfe1 f5 18.f3 Qf6 19.Qf2 Bd6 20.b3 Bb4 21.Rbc1 Re6 22.Nxb4 axb4
23.Nd1 Nc8 24.Qd2 Qe7 25.Nf2 Ra6 26.e4 fxe4 27.fxe4 Ncb6 28.e5 Ra8 29.Nd3 Rf8  1-0

[Event "Oviedo rapid"]
[Site "Oviedo"]
[Date "1993.??.??"]
[Round "11"]
[White "Sanz Alonso, Francisco Javier"]
[Black "Goldin, Alexander"]
[Result "0-1"]
[WhiteElo "2410"]
[BlackElo "2540"]

1.e4 c5 2.Nf3 Nc6 3.Bb5 g6 4.O-O Bg7 5.Re1 e5 6.c3 Nge7 7.d4 cxd4 8.cxd4 exd4
9.Bf4 a6 10.Ba4 b5 11.Bb3 d6 12.Ng5 O-O 13.Qf3 h6 14.Nxf7 Rxf7 15.Bxf7+ Kxf7
16.Bxh6+ Kg8 17.Bxg7 Kxg7 18.Nd2 Ne5 19.Qg3 Qb6 20.Rac1 Be6 21.b3 Rf8 22.h3 d3
23.Qe3 Qxe3 24.Rxe3 N7c6 25.Ree1 Rf7 26.f3 Nb4 27.a4 Nc2 28.Rf1 bxa4 29.bxa4  0-1

[Event "Oviedo rapid"]
[Site "Oviedo"]
[Date "1993.??.??"]
[Round "13"]
[White "Freijedo Alvarez, Salvador"]
[Black "Goldin, Alexander"]
[Result "0-1"]
[WhiteElo "2320"]
[BlackElo "2540"]

1.d4 Nf6 2.c4 e5 3.d5 Bc5 4.e3 O-O 5.Nc3 d6 6.Be2 c6 7.Nf3 cxd5 8.cxd5 Bb4
9.O-O Bxc3 10.bxc3 Qa5 11.c4 Na6 12.Nd2 Nc5 13.Nb3 Nxb3 14.Qxb3 Ne4 15.f3 Nc5
16.Qa3 Qc7 17.e4 Bd7 18.Be3 Rfc8 19.Rab1 b6 20.Bxc5 Qxc5+ 21.Qxc5 Rxc5 22.Rb3 Ra5
23.a3 Rf8 24.Bd3 f5 25.exf5 Bxf5 26.Bxf5 Rxf5 27.Re1 Kf7 28.Re4 Ke7 29.Kf2 Rf8
30.Ke2 h6 31.Kd2 g5 32.Kc2 Rc8 33.Kb2 Rac5 34.Rb4 Kf6 35.a4 h5 36.Kb3 Kf5
37.h3 Rg8 38.Rb5 g4 39.hxg4+ hxg4 40.a5 gxf3 41.gxf3 Rg3 42.Rxc5 Rxf3+ 43.Ka4 bxc5
44.Re1 e4 45.Kb5 Ke5 46.Rh1 e3 47.Rh7 Kd4 48.Rxa7 e2 49.Re7 Re3  0-1

[Event "St Petersburg op"]
[Site "St Petersburg"]
[Date "1993.??.??"]
[Round "?"]
[White "Svidler, Peter"]
[Black "Goldin, Alexander"]
[Result "1-0"]
[WhiteElo "2495"]
[BlackElo "2540"]

1.e4 c6 2.d4 d5 3.Nd2 dxe4 4.Nxe4 Nd7 5.Bc4 Ngf6 6.Ng5 e6 7.Qe2 Nb6 8.Bd3 h6
9.N5f3 c5 10.dxc5 Bxc5 11.Bd2 Nbd7 12.O-O-O Qc7 13.Nh3 a6 14.g4 Bd6 15.g5 hxg5
16.Nhxg5 Nc5 17.Kb1 Bd7 18.Bc3 Nxd3 19.Qxd3 Bf4 20.Rhe1 Bxg5 21.Nxg5 Rh6
22.Bxf6 Rxf6 23.Ne4 Rf4 24.Qd4 e5 25.Nd6+ Kf8 26.Qxe5 Rxf2 27.c4 Be6 28.Rg1 Bf5+
29.Ka1 Bg6 30.Rde1 Qc6 31.h4 Rf6 32.c5 Re6 33.Qg5 Rxe1+ 34.Rxe1 Qf3 35.Qe7+ Kg8
36.Qxb7 Bh5 37.c6 Rf8 38.Qe7 Qxc6 39.Qe5 Bg6 40.h5 Bh7 41.Rg1  1-0

[Event "St Petersburg op"]
[Site "St Petersburg"]
[Date "1993.??.??"]
[Round "?"]
[White "Goldin, Alexander"]
[Black "Daniliuk, Sergey"]
[Result "1-0"]
[WhiteElo "2540"]
[BlackElo "2405"]

1.d4 Nf6 2.c4 g6 3.g3 c6 4.Bg2 d5 5.Nf3 Bg7 6.O-O O-O 7.Qb3 Qb6 8.Nc3 Na6
9.Qxb6 axb6 10.Na4 Nd7 11.cxd5 cxd5 12.Nc3 Nf6 13.Bg5 Be6 14.Rfc1 Nb4 15.a3 Nc6
16.Bxf6 Bxf6 17.e3 Rfd8 18.Nd2 Bg7 19.b3 Ra5 20.Na4 b5 21.Nc5 Bc8 22.b4 Ra7
23.Nf3 e5 24.dxe5 Nxe5 25.Nd4 b6 26.Ncb3 Ra8 27.Ra2 Ba6 28.Nc6 Rd6 29.Ne7+ Kf8
30.Nxd5 Bb7 31.Nc7 Bxg2 32.Kxg2 Rad8 33.Nxb5 Rd3 34.N3d4 Ng4 35.Kf1 Bh6 36.h3 Nxe3+
37.fxe3 Bxe3 38.Ke2 R3xd4 39.Kxe3 R4d5 40.a4 Rd3+ 41.Kf2 Rb3 42.Rc4 Rdd3
43.Nd4  1-0

[Event "St Petersburg op"]
[Site "St Petersburg"]
[Date "1993.??.??"]
[Round "?"]
[White "Goldin, Alexander"]
[Black "Ionov, Sergey"]
[Result "1/2-1/2"]
[WhiteElo "2540"]
[BlackElo "2495"]

1.d4 Nf6 2.c4 e6 3.Nf3 b6 4.g3 Bb7 5.Bg2 Be7 6.Nc3 Ne4 7.Bd2 Bf6 8.Qc2 Nxd2
9.Qxd2 O-O 10.O-O d6 11.Qc2 g6 12.Rad1 Nd7 13.h4 Bg7 14.h5 Nf6 15.hxg6 hxg6
16.e4 Qe7 17.d5 e5 18.Bh3 Bh6 19.Kg2 Kg7 20.Rh1 Rh8 21.Rh2 Nh7 22.Rdh1 Ng5
23.Nxg5 Bxg5 24.Bg4 c6 25.Rxh8 Rxh8 26.dxc6 Bxc6 27.Rd1 Qc7 28.Qd3 Rd8 29.a3 a6
30.Nd5 Bxd5 31.cxd5 b5 32.Re1 Qc4 33.Qxc4 bxc4 34.Re2 Rb8 35.Rc2 a5 36.Bd7 Bd8
37.Kf1 c3 38.bxc3 Rb1+ 39.Ke2 Bb6 40.a4 Kf8 41.Bb5 Ke7 42.Kf3 Bc5 43.Kg4 Kf6
44.f3 Kg7 45.Re2 Rc1 46.c4 Rb1 47.f4 Kf6 48.Be8 Ke7 49.Bc6 Rb3 50.Rh2 Kf6
51.Be8 Ke7 52.Bb5 Bd4 53.Re2 Rc3 54.Ba6 Kf6 55.Bb5 Rc1 56.Ba6 Rg1 57.Kf3 Ra1
58.Bb5 Ra3+ 59.Kg4 Rb3 60.Be8 Ke7 61.Bb5 Kf6  1/2-1/2

[Event "St Petersburg op"]
[Site "St Petersburg"]
[Date "1993.??.??"]
[Round "?"]
[White "Goldin, Alexander"]
[Black "Karasev, Vladimir I"]
[Result "0-1"]
[WhiteElo "2540"]
[BlackElo "2395"]

1.d4 Nf6 2.c4 g6 3.g3 Bg7 4.Bg2 d5 5.cxd5 Nxd5 6.e4 Nb6 7.Ne2 c5 8.d5 e6
9.Nbc3 exd5 10.exd5 O-O 11.O-O Na6 12.Nf4 Nc4 13.Re1 Nd6 14.Ne4 Bf5 15.Nxd6 Qxd6
16.g4 Bd7 17.Nd3 Rae8 18.Bf4 Rxe1+ 19.Qxe1 Qb6 20.Qe7 Bb5 21.Qe3 Re8 22.Qg3 c4
23.Ne1 Bxb2 24.Rb1 Qa5 25.Nc2 Qxa2 26.Rf1 Qb3 27.Ne3 c3 28.Nf5 Ba3 29.Nd4 Qc4
30.Nxb5 Qxb5 31.Qxc3 Bb2 32.Qc2 Qb4 33.Bd2 Re2 34.Qc8+ Qf8 35.Qxf8+ Kxf8
36.Be3 b6 37.d6 Nc5 38.Rd1 Ne6 39.Bc6 Rc2 40.Bd7 Nd8 41.Bg5 f6 42.Bh6+ Kf7
43.Re1 Be5 44.f4 Bxd6 45.Be8+ Kg8 46.Ba4 Rc8 47.Re8+ Kf7 48.Rh8 Ke6 49.Rxh7 Rc3
50.Rxa7 b5 51.f5+ gxf5 52.gxf5+ Kxf5 53.Rd7 bxa4 54.Rxd8 Bc5+ 55.Kf1 a3 56.Ra8 Rc2
57.Ke1 a2 58.Kd1 Rxh2  0-1

[Event "St Petersburg op"]
[Site "St Petersburg"]
[Date "1993.??.??"]
[Round "?"]
[White "Shipov, Sergei"]
[Black "Goldin, Alexander"]
[Result "1/2-1/2"]
[WhiteElo "2500"]
[BlackElo "2540"]

1.d4 Nf6 2.c4 e6 3.Nf3 b6 4.g3 Ba6 5.b3 d5 6.cxd5 exd5 7.Bg2 Bb4+ 8.Bd2 Bxd2+
9.Qxd2 O-O 10.Nc3 Qe7 11.Ne5 Bb7 12.O-O c5 13.e3 Na6 14.Rac1 Rfd8 15.Rfd1 Nc7
16.Qb2 Ne6 17.Ne2 Ne4 18.Nd3 Rac8 19.Ndf4 Nxf4 20.Nxf4 c4 21.bxc4 dxc4 22.d5 c3
23.Qb3 Nd2 24.Qa4 a5 25.Qd4 Qb4 26.Qd3 Rc5 27.h4 Bc8 28.e4 Bg4 29.Re1 Qc4
30.Qe3 Qxa2 31.Rxc3 Nc4 32.Qd4 Qd2 33.Qxd2 Nxd2 34.Rxc5 bxc5 35.Rc1 Nb3 36.Rc4 Bd7
37.e5 Bb5 38.Rc3 c4 39.d6 a4 40.Nd5 a3 41.Rc2 Kf8 42.Nc3 Bd7 43.Ra2 f6 44.exf6 gxf6
45.Bd5 Nd4 46.Rxa3 Nb5 47.Nxb5 Bxb5 48.Ra5 Be8 49.Bxc4 Rxd6 50.Bd5 Kg7 51.Bf3 Rd7
52.Kg2 Rc7 53.Be4 Bg6 54.Bf5 h5 55.Bxg6 Kxg6 56.Ra3 Rc2 57.Kf3 Rc4 58.Re3 Ra4
59.Re4 Ra2 60.Ke3 Ra3+ 61.Kf4 Ra2 62.f3 Rf2 63.Rd4 Rf1 64.Rd5 Rh1 65.Rc5 Rh2
66.Rc1 Ra2 67.Re1 Rf2 68.Rh1 Ra2 69.Re1 Rf2 70.g4 hxg4 71.Kxg4 Rg2+ 72.Kf4 Rh2
73.Rg1+ Kf7 74.Kg4 Kg6 75.Kf4+ Kf7 76.Kg3 Ra2 77.h5 Ra5 78.Kh4 Ra4+ 79.Rg4 Ra1
80.Rg2 Ra4+ 81.Kg3 Ra5 82.Rh2 Kg7  1/2-1/2

[Event "St Petersburg op"]
[Site "St Petersburg"]
[Date "1993.??.??"]
[Round "?"]
[White "Goldin, Alexander"]
[Black "Nikolaidis, Ioannis"]
[Result "1-0"]
[WhiteElo "2540"]
[BlackElo "2440"]

1.d4 d5 2.c4 c6 3.Nf3 Nf6 4.Nc3 a6 5.g3 b5 6.c5 Bf5 7.Bg2 Qc8 8.h3 h6 9.Bf4 g5
10.Be5 Nbd7 11.Bxf6 Nxf6 12.h4 g4 13.Ne5 Bg7 14.O-O h5 15.b4 a5 16.bxa5 Ne4
17.Bxe4 dxe4 18.a4 b4 19.Na2 Qe6 20.Nxb4 e3 21.Nexc6 exf2+ 22.Kh2 Be4 23.d5 Qf6
24.Ra3 Bh6 25.Qd4 Qxd4 26.Nxd4 Rxa5 27.Nb5 Kf8 28.e3 Kg7 29.Rxf2 Rb8 30.Rfa2 Raxb5
31.axb5 Rxb5 32.Ra4 f5 33.c6 Bxe3 34.c7 Rc5 35.Na6 Rc1 36.Rxe4 fxe4 37.Re2 Bb6
38.Rxe4 Kf7 39.Re6 Rc2+ 40.Kh1 Bxc7 41.Rc6 Rxc6 42.dxc6 Bxg3 43.Kg2 Bd6 44.c7 Bxc7
45.Nxc7 e5 46.Nd5 Ke6 47.Nc3 Kf5 48.Ne2 g3 49.Kxg3 e4 50.Nf4 e3 51.Kf3 e2
52.Nxe2  1-0

[Event "St Petersburg op"]
[Site "St Petersburg"]
[Date "1993.??.??"]
[Round "?"]
[White "Kruppa, Yuri"]
[Black "Goldin, Alexander"]
[Result "1/2-1/2"]
[WhiteElo "2485"]
[BlackElo "2540"]

1.e4 e5 2.Nf3 Nc6 3.Bb5 a6 4.Ba4 Nf6 5.O-O Be7 6.Bxc6 dxc6 7.d3 Nd7 8.Nc3 O-O
9.Ne2 Re8 10.Bd2 Bf8 11.Bc3 b5 12.h3 c5 13.Nh2 Nb6 14.b3 c4 15.dxc4 Qxd1
16.Rfxd1 bxc4 17.Ba5 Bb7 18.Nc3 Bc5 19.Nf3 Rad8 20.Rxd8 Rxd8 21.Kf1 f6 22.Ke2 Kf7
23.Rf1 Bc6 24.Nd2 Bd4 25.Rd1 cxb3 26.axb3 Rd6 27.Ke1 Rd7 28.Na2 Nc8 29.Nb4 Bb7
30.Nd3 Nd6 31.f3 Nb5 32.Nb1 Ke6 33.Bb4 Bb6 34.Nc5+ Bxc5 35.Bxc5 Rxd1+ 36.Kxd1 g6
37.c4 Nd6 38.Nc3 f5 39.exf5+ gxf5 40.Bb4 Bc6 41.Ba5 Kd7 42.Na2 e4 43.Ke2 Nb7
44.Bb4 exf3+ 45.gxf3 Nd8 46.Nc1  1/2-1/2

[Event "St Petersburg zt"]
[Site "St Petersburg"]
[Date "1993.??.??"]
[Round "1"]
[White "Vyzmanavin, Alexey"]
[Black "Goldin, Alexander"]
[Result "1/2-1/2"]
[WhiteElo "2620"]
[BlackElo "2555"]

1.d4 d5 2.c4 e6 3.Nc3 Be7 4.Nf3 Nf6 5.Bg5 h6 6.Bh4 O-O 7.e3 b6 8.Bd3 Bb7
9.O-O dxc4 10.Bxc4 Ne4 11.Bxe7 Qxe7 12.Nxe4 Bxe4 13.Rc1 Rd8 14.Bd3 Bxd3 15.Qxd3 c5
16.Ne5 Qb7 17.Qa3 Na6 18.Nf3  1/2-1/2

[Event "St Petersburg zt"]
[Site "St Petersburg"]
[Date "1993.??.??"]
[Round "2"]
[White "Goldin, Alexander"]
[Black "Kharlov, Andrei"]
[Result "0-1"]
[WhiteElo "2545"]
[BlackElo "2580"]

1.d4 d5 2.c4 dxc4 3.e4 Nf6 4.e5 Nd5 5.Bxc4 Nb6 6.Bb3 Nc6 7.Ne2 Bf5 8.Nbc3 e6
9.a3 Be7 10.O-O Qd7 11.Ba2 O-O 12.Be3 Rfd8 13.h3 h6 14.g4 Bh7 15.f4 Bh4 16.f5 exf5
17.e6 fxe6 18.gxf5 Nd5 19.fxe6 Qxe6 20.Nxd5 Rxd5 21.Bxd5 Qxd5 22.Nc3 Qe6
23.Bf4 Ne7 24.Qg4 Qxg4+ 25.hxg4 c6 26.Rad1 Rd8 27.b4 a6 28.Rd2 Bg6 29.Kg2 Bf7
30.Kh3 Ng6 31.Be3 Be6 32.Ne4 h5 33.Bg5 Bxg4+ 34.Kg2 Re8 35.Nd6 Bxg5  0-1

[Event "St Petersburg zt"]
[Site "St Petersburg"]
[Date "1993.??.??"]
[Round "4"]
[White "Goldin, Alexander"]
[Black "Morozevich, Alexander"]
[Result "0-1"]
[WhiteElo "2545"]
[BlackElo "2440"]

1.d4 d5 2.c4 Nc6 3.Nc3 dxc4 4.d5 Ne5 5.Qd4 Ng6 6.e4 e5 7.Qxc4 Bd6 8.Nf3 Nf6
9.h4 h6 10.h5 Ne7 11.Be3 O-O 12.Be2 a6 13.Nd2 c6 14.dxc6 Nxc6 15.Rd1 Nb4
16.Qb3 b5 17.Ra1 Ng4 18.Nf1 Nxe3 19.Nxe3 Bc5 20.O-O Be6 21.Ned5 Nc6 22.Qd1 Nd4
23.Rc1 Qg5 24.Ne3 Rac8 25.Qd3 Rfd8 26.Ncd5 f5 27.b4 fxe4 28.Qd2 Rxd5  0-1

[Event "St Petersburg zt"]
[Site "St Petersburg"]
[Date "1993.??.??"]
[Round "5"]
[White "Rublevsky, Sergei"]
[Black "Goldin, Alexander"]
[Result "1/2-1/2"]
[WhiteElo "2515"]
[BlackElo "2555"]

1.e4 c5 2.Nf3 Nc6 3.d4 cxd4 4.Nxd4 Nf6 5.Nc3 d6 6.Bc4 Qb6 7.Nb3 e6 8.O-O Be7
9.Bg5 O-O 10.Bxf6 Bxf6 11.Qxd6 Rd8 12.Qg3 Be5 13.Qh3 Bd7 14.Rad1 a5 15.a4 Nb4
16.Rd2 Bf4 17.Rdd1 Nxc2 18.Bb5 Bxb5 19.Nxb5 Be5 20.Qh5 Bf6 21.Qc5 Qc6 22.Rc1 Qxc5
23.Nxc5 Nd4 24.Nxd4 Rxd4 25.Rfd1 b6 26.Rxd4 Bxd4 27.Nd3 g5 28.Kf1 Kg7 29.Ke2 Rd8
30.Rc7 Kg6 31.b3 h5 32.f4 g4 33.Rc6 Kg7 34.Rc4 Bg1 35.h3 gxh3 36.gxh3 Bd4
37.b4 axb4 38.Nxb4 Bg1 39.Nc6 Rc8 40.Ne5 Rxc4 41.Nxc4 f5 42.exf5 exf5 43.Kd3 Kf6
44.Ne5 Ke6 45.Nf3 Bf2 46.Nd4+ Bxd4 47.Kxd4 h4  1/2-1/2

[Event "St Petersburg zt"]
[Site "St Petersburg"]
[Date "1993.??.??"]
[Round "6"]
[White "Goldin, Alexander"]
[Black "Tregubov, Pavel V"]
[Result "0-1"]
[WhiteElo "2555"]
[BlackElo "2445"]

1.d4 d5 2.c4 c6 3.Nf3 e6 4.Qc2 Nf6 5.g3 dxc4 6.Qxc4 b5 7.Qc2 Bb7 8.Bg2 Nbd7
9.Nc3 a6 10.Ne5 Qc7 11.O-O Nxe5 12.dxe5 Qxe5 13.Bf4 Qc5 14.Rac1 Rc8 15.Rfd1 Be7
16.Be3 Qe5 17.Ne4 O-O 18.Bf4 Qf5 19.Nxf6+ Qxf6 20.Rd7 Ba8 21.Ra7 c5 22.Rxa6 Bxg2
23.Kxg2 c4 24.Rd1 Bc5 25.f3 Rfd8 26.Rxd8+ Rxd8 27.a4 g5 28.Bc1 Qd4 29.Bxg5 Rd5
30.Ra8+ Kg7 31.e3 Qd3 32.Qxd3 cxd3 33.e4 d2 34.Bxd2 Rxd2+ 35.Kh3 b4  0-1

[Event "St Petersburg zt"]
[Site "St Petersburg"]
[Date "1993.??.??"]
[Round "9"]
[White "Goldin, Alexander"]
[Black "Aseev, Konstantin N"]
[Result "0-1"]
[WhiteElo "2555"]
[BlackElo "2515"]

1.d4 Nf6 2.Bg5 Ne4 3.Bf4 c5 4.f3 Nf6 5.d5 Qb6 6.e4 Qxb2 7.Nd2 Qc3 8.Bd3 d6
9.Ne2 Qa5 10.O-O g6 11.e5 dxe5 12.Bxe5 Nbd7 13.Bc3 Qc7 14.Bb5 Bg7 15.Bxd7+ Qxd7
16.Ne4 O-O 17.Nxf6+ exf6 18.Ng3 f5 19.Bxg7 Kxg7 20.Qd2 Qd6 21.c4 b6 22.Rfe1 Bd7
23.Qg5 f6 24.Nh5+ Kg8 25.Qf4 Qxf4 26.Nxf4 Rfe8 27.d6 Kf7 28.Nd5 Rxe1+ 29.Rxe1 Re8
30.Rxe8 Bxe8 31.Kf2 Bd7 32.Ke3 Be6 33.Nc7 Bxc4 34.a3 b5 35.f4 a5 36.Na6 Ke6
37.Nxc5+ Kxd6 38.Nb7+ Kc7 39.Nc5 Kc6 40.Kd4 Bf1 41.g3 b4 42.a4 Be2 43.Nb3 Kb6
44.Nd2 Ka6 45.Nb3 Bd1 46.Nc5+ Kb6  0-1

[Event "St Petersburg zt"]
[Site "St Petersburg"]
[Date "1993.??.??"]
[Round "9"]
[White "Goldin, Alexander"]
[Black "Sorokin, Maxim"]
[Result "1/2-1/2"]
[WhiteElo "2555"]
[BlackElo "2490"]

1.d4 d5 2.c4 c6 3.cxd5 cxd5 4.Nc3 Nf6 5.Bf4 Nc6 6.e3 e6 7.Bd3 Bd6 8.Bxd6 Qxd6
9.Nf3 Bd7 10.O-O O-O 11.Rc1  1/2-1/2

[Event "EUCup Gr1"]
[Site "Eupen"]
[Date "1994.??.??"]
[Round "?"]
[White "Conquest, Stuart"]
[Black "Goldin, Alexander"]
[Result "0-1"]
[WhiteElo "2505"]
[BlackElo "2590"]

1.e4 c5 2.Nf3 Nc6 3.d4 cxd4 4.Nxd4 Nf6 5.Nc3 d6 6.f3 e6 7.Be3 Be7 8.Qd2 d5
9.Bb5 Bd7 10.exd5 Nxd5 11.Nxd5 exd5 12.O-O-O Rc8 13.Bxc6 bxc6 14.Nb3 O-O
15.Bc5 Re8 16.g4 Bg5 17.f4 Bh4 18.Rhg1 Re4 19.Bf2 Bxf2 20.Qxf2 Qb6 21.Qd2 Rce8
22.f5 Re2 23.Qf4 R8e4 24.Qg3 h6 25.Kb1 a5 26.Qd6 Be8 27.g5 h5 28.g6 fxg6
29.Nc5 Rb4 30.b3 Qb8 31.Qxb8 Rxb8 32.fxg6 Rb5 33.Nd3 Rxh2 34.Rde1 Rb8 35.Re7 Rh4
36.Ne5 Re4 37.Rg5 h4 38.Rh5 Rd8  0-1